Controversial Countries 1 - Statistics

General Stats
  • This quiz has been taken 62 times
    24 since last reset
  • The average score is 9 of 15
Answer Stats
Location Answer % Correct
Ukrainian peninsula annexed by Russia in 2014 Crimea
86%
Danish overseas territory near Canada Greenland
82%
Territory claimed by both Pakistan and India Kashmir
82%
Home of an oft-oppressed group in Turkey, Iran, Iraq, Syria, and Armenia Kurdistan
77%
Archipelago between Norway and the North Pole Svalbard
73%
Unrecognized breakaway state in Moldova Transnistria
73%
Disputed territory in the Maghreb region of Northwest Africa Western Sahara
73%
Traditional winter home of the Dalai Lama Tibet
68%
Part of a decades-long conflict in the Levant Palestine
64%
Mountainous partially recognized state in Georgia South Ossetia
64%
Partially recognized state in the Southern Caucasus Abkhazia
59%
Conflicted region in Azerbaijan Nagorno-Karabakh
45%
Secessionist republic in Bosnia & Herzegovina Republika Srpska
41%
Autonomous province in Northern Serbia Vojvodina
23%
De facto independent state in Myanmar Wa State
9%
No matching quizzes found
Score Distribution
Percent of People with Each Score
Percentile by Number Answered
Your Score History
You have not taken this quiz since the last reset